000 00364 a2200109 4500
001 ART_42443
005 20260410161842.0
008 260409a
245 1 0 _aReflexiones sin eufemismos sobre el derecho disciplinario de las administraciones públicas
100 1 _aBastons, Jorge Luis
773 0 _tRAP
_g- Año 39, Nº 463 (abr. 2017)
_wREV5941
999 _c24218
_d24218